000 00530nam a2200181Ia 4500
999 _c28941
_d28941
003 OSt
005 20210105095304.0
008 190216s9999||||xx |||||||||||||| ||und||
020 _a9788182643772
040 _coclc
082 _a894.812301
_bBHA/P
100 _aBharadwaj, Babu
_96732
245 0 _aPuppet Theatre /
_cBabu Bharadwaj
260 _bMathrubhumi Printing & Publishing,
_aKozhikode:
_c2007.
300 _a152p
650 _aKathakal
942 _cBK
_2ddc
_h894.812301
_iBHA/P
_k894.812301
_mBHA/P